| 000 | 00716cam a22001811 4500 | ||
|---|---|---|---|
| 082 |
_a621.944 _bCAM _cL-13, P-25 |
||
| 100 | 1 |
_aCamm, F. J. _941027 |
|
| 245 | 1 | 0 |
_aGears and gear-cutting ; _bprinciples, practice and formulæ, _cedited by F. J. Camm...with over 100 illustrations. |
| 250 | _aThird edition | ||
| 260 |
_aBrooklyn, N.Y., _bChemical publishing co., inc., _c1941. |
||
| 300 |
_a144 p. _billus., diagrs. _c22 cm. |
||
| 500 | _a"This book includes the articles on gear-cutting contributed to Practical engineering by W. A. Tuplin."--Pref. | ||
| 526 |
_a0 _b0 _c0 _d621_944000000000000_CAM |
||
| 650 | 0 |
_aGearing. _941939 |
|
| 650 | 0 |
_aMCE _9379 |
|
| 700 | 1 |
_aTuplin, William Alfred. _942072 |
|
| 942 |
_2ddc _cBK |
||
| 999 |
_c546054 _d546054 |
||